Riconosci il Calciatore - Quiz n°1086 - Statistics

Statistiche generali
  • Questo quiz è stato fatto 7 volte
  • Il punteggio medio è 14 su 22
Statistiche sulle risposte
Indizio Risposta % Corretto
Nazionalità Argentina
100%
Ruolo Attaccante
100%
Squadra di club 8 Ajax 2022-2023
86%
Data di nascita 11/07/1994
71%
Squadra di club 4 Genoa 2016-2017
71%
Squadra di club 5 Milan 2017-2017
71%
Squadra di club 3 Olympique Marsiglia 2015-2016
71%
Squadra di club 6 Olympique Marsiglia 2017-2019
71%
Squadra di club 7 Siviglia 2019-2022
71%
Squadra di club 9 Siviglia 2023-
71%
Altezza 187 cm
57%
Gol nei club 93
57%
Squadra di club 2 Monaco 2012-2015
57%
Trofei per club Primera B Nacional: 1
River Plate: 2011-2012
Ligue 2: 1
Monaco: 2012-2013
UEFA Europa League: 2 Siviglia: 2019-2020, 2022-2023
57%
Squadra di club 1 River Plate 2011-2012
57%
Trofei per nazionali 0
43%
Presenze in nazionale 12
43%
Gol in nazionale 2
43%
Presenze nei club 481
43%
Peso 84 kg
43%
Calciatore Lucas Ocampos
43%
Trofei individuali Squadra della stagione della UEFA Europa League: 1 2019-2020
43%
Nessun quiz corrispondente trovato
Distribuzione punteggi
Percentuale di utenti per punteggio
Percentile per numero di risposta
I tuoi punteggi nel tempo
Non hai fatto questo quiz